[Event "Let's Play Chess!"]
[Site "http://www.queenalice.com/game.php?id=1134624"]
[Date "2012.12.26"]
[Round "-"]
[White "Try_Me"]
[Black "geechan"]
[Result "0-1"]
[WhiteElo "2164"]
[BlackElo "2248"]

1. d4 d5 2. c4 e6 3. Nc3 Nf6 4. cxd5 exd5 5. Bg5 c6 6. e3 Nbd7 7. Bd3 Bd6 8.
Nge2 h6 9. Bh4 O-O 10. Qc2 Re8 11. O-O Bxh2+ 12. Kh1 Bd6 13. e4 dxe4 14. Nxe4
Be7 15. N2c3 Nxe4 16. Bxe7 Nxf2+ 17. Rxf2 Rxe7 18. Qd2 Re8 19. Qf4 Qf6 20. Bf5
Nb6 21. Bxc8 Qxf4 22. Rxf4 Raxc8 23. Raf1 Re7 24. R1f2 Rd8 25. b3 Re3 26. Ne4
Nd5 27. Rh4 Re1+ 28. Kh2 g5 29. Rg4 f5 30. Rxf5 Ne3 31. Rfxg5+ hxg5 32. Rxg5+
Kh7 33. Nf6+ Kh6 34. Re5 Rxd4 0-1

[Event "AUTO-ELITE-1108"]
[Site "http://www.queenalice.com/game.php?id=1145136"]
[Date "2013.1.25"]
[Round "1"]
[White "geechan"]
[Black "trompmaster"]
[Result "1-0"]
[WhiteElo "2265"]
[BlackElo "2341"]

1. d4 g6 2. e4 Bg7 3. Nf3 c5 4. c3 cxd4 5. cxd4 d5 6. exd5 Nf6 7. Bb5+ Nbd7 8.
d6 O-O 9. dxe7 Qxe7+ 10. Be2 Re8 11. Nc3 Ne4 12. Nxe4 Qxe4 13. Be3 Nb6 14. Bb5
Rd8 15. O-O Bf5 16. Re1 Qd5 17. Be2 Rac8 18. b3 Qd6 19. Bd3 Bd7 20. Bg5 f6 21.
Bd2 Bc6 22. Ba5 Bxf3 23. Qxf3 Qxd4 24. Rad1 Qc5 25. Bd2 Qa3 26. Bf1 Qxa2 27. Re7
Re8 28. Rxg7+ Kxg7 29. Qxb7+ Kh8 30. Bh6 Rg8 31. Re1 Rb8 32. Qf7 1-0

[Event "AUTO-ELITE-1108"]
[Site "http://www.queenalice.com/game.php?id=1145137"]
[Date "2013.1.25"]
[Round "1"]
[White "trompmaster"]
[Black "geechan"]
[Result "0-1"]
[WhiteElo "2341"]
[BlackElo "2288"]

1. d4 d5 2. Nf3 Nf6 3. e3 e6 4. Bd3 b6 5. Qe2 c5 6. b3 Nc6 7. a3 Be7 8. Nbd2 O-O
9. O-O cxd4 10. exd4 Bb7 11. Bb2 Rc8 12. Rfe1 Nh5 13. g3 Nf6 14. Ne5 a5 15. f4
Rc7 16. Rad1 Bd6 17. Ndf3 h6 18. Nxc6 Bxc6 19. Ne5 Bb7 20. Rc1 Qe7 21. Ra1 Rfc8
22. c3 Ne4 23. c4 Bxe5 24. cxd5 Nc5 25. fxe5 Nxd3 26. Qxd3 Bxd5 27. Rac1 Qd7 28.
Rxc7 Rxc7 29. h3 Qc8 30. Kf2 Rc2+ 31. Re2 Rxe2+ 32. Kxe2 a4 33. Qc3 Qa6+ 0-1

[Event "AUTO-ELITE-1108"]
[Site "http://www.queenalice.com/game.php?id=1145138"]
[Date "2013.1.25"]
[Round "1"]
[White "geechan"]
[Black "TigranPetrosian"]
[Result "1-0"]
[WhiteElo "2310"]
[BlackElo "2423"]

1. d4 d5 2. c4 c6 3. Nf3 Nf6 4. e3 a6 5. Nc3 b5 6. cxd5 cxd5 7. h3 Bf5 8. Ne5
Nbd7 9. g4 Bg6 10. h4 b4 11. h5 bxc3 12. hxg6 Nxe5 13. dxe5 cxb2 14. Bxb2 Qa5+
15. Ke2 fxg6 16. Qc2 Ne4 17. e6 Qb6 18. Qa4+ Qb5+ 19. Qxb5+ axb5 20. Bg2 Ra6 21.
Rhd1 Rxe6 22. Rxd5 b4 23. Rb5 Nc3+ 24. Bxc3 bxc3 25. Rb8+ Kd7 26. Rc1 Ra6 27.
Rxc3 Rxa2+ 28. Kd3 e6 29. Rb7+ Kd8 30. Bc6 Ra3 31. Rxa3 Bxa3 32. Rb8+ 1-0

[Event "AUTO-ELITE-1108"]
[Site "http://www.queenalice.com/game.php?id=1145139"]
[Date "2013.1.25"]
[Round "1"]
[White "TigranPetrosian"]
[Black "geechan"]
[Result "0-1"]
[WhiteElo "2433"]
[BlackElo "2333"]

1. e4 e6 2. d4 d5 3. Nc3 Nf6 4. e5 Nfd7 5. Nce2 c5 6. c3 Nc6 7. f4 Be7 8. Nf3
O-O 9. g3 b5 10. Bh3 b4 11. O-O bxc3 12. bxc3 g6 13. Rb1 Ba6 14. Re1 Qa5 15. Bd2
Bc4 16. g4 Rab8 17. Rxb8 Rxb8 18. f5 Qxa2 19. fxe6 fxe6 20. g5 Nf8 21. Nf4 cxd4
22. cxd4 Rb3 23. Nxe6 Rxf3 24. Qxf3 Qxd2 25. Rd1 Qe2 26. Qxe2 Bxe2 27. Rb1 Bd3
28. Rb7 Bf5 29. Bxf5 gxf5 30. Nc7 Bxg5 31. Nxd5 Nxd4 32. Nf6+ Kh8 33. Kf2 Bf4
34. Re7 Bxh2 35. Kg2 Bf4 36. Nh5 Nde6 37. Nxf4 Nxf4+ 38. Kf3 N8g6 39. Rxa7 Nd5
40. e6 Nde7 0-1

[Event "AUTO-ELITE-2011"]
[Site "http://www.queenalice.com/game.php?id=1536470"]
[Date "2018.7.27"]
[Round "1"]
[White "Norfair"]
[Black "geechan"]
[Result "0-1"]
[WhiteElo "2567"]
[BlackElo "2398"]

1. Nf3 d5 2. b3 Nf6 3. Bb2 c6 4. g3 Bg4 5. Bg2 e6 6. d3 Nbd7 7. O-O Bh5 8. Nbd2
Bd6 9. c4 O-O 10. Rc1 Re8 11. d4 Bc7 12. Re1 Ne4 13. b4 a5 14. b5 cxb5 15. cxb5
f5 16. a4 Bd6 17. Nxe4 fxe4 18. Ne5 Nxe5 19. dxe5 Bb4 20. Rf1 Rc8 21. Rc2 Re7
0-1

[Event "AUTO-ELITE-2011"]
[Site "http://www.queenalice.com/game.php?id=1536471"]
[Date "2018.7.27"]
[Round "1"]
[White "geechan"]
[Black "Norfair"]
[Result "1-0"]
[WhiteElo "2418"]
[BlackElo "2550"]

1. d4 Nf6 2. c4 e6 3. Nf3 d5 4. Nc3 c5 5. cxd5 Nxd5 6. g3 cxd4 7. Nxd5 Qxd5 8.
Qxd4 Qxd4 9. Nxd4 Bc5 10. Nb3 Bb4+ 11. Bd2 Bxd2+ 12. Kxd2 Bd7 13. Bg2 Bc6 14.
Rhc1 Ke7 15. e4 Nd7 16. Na5 Rac8 17. Nxc6+ bxc6 18. Rc3 c5 19. Ra3 Rc7 20. Rc1
Rb8 21. b3 c4 22. Bf1 Ne5 23. Bxc4 1-0

[Event "AUTO-ELITE-2011"]
[Site "http://www.queenalice.com/game.php?id=1536474"]
[Date "2018.7.27"]
[Round "1"]
[White "Donidon"]
[Black "geechan"]
[Result "0-1"]
[WhiteElo "2413"]
[BlackElo "2410"]

1. e4 e6 2. d4 d5 3. Nc3 Nf6 4. Bg5 Be7 5. e5 Nfd7 6. Bxe7 Qxe7 7. f4 O-O 8. Nf3
c5 9. Bd3 h6 10. O-O Nc6 11. Qd2 cxd4 12. Ne2 Nc5 13. Nfxd4 Nxd3 14. Qxd3 Bd7
15. Rf3 f6 16. exf6 Rxf6 17. Raf1 Be8 18. Re3 Rc8 19. c3 Qd6 20. b3 Bg6 21. f5
Rcf8 22. Rxe6 Rxe6 23. Nxe6 Rxf5 24. N2f4 Bh7 25. Qg3 Rf7 26. Rd1 Ne7 27. c4 Be4
28. Qe3 Bf5 29. c5 Qd7 30. Qe5 Qc8 0-1

[Event "AUTO-ELITE-2011"]
[Site "http://www.queenalice.com/game.php?id=1536475"]
[Date "2018.7.27"]
[Round "1"]
[White "geechan"]
[Black "Donidon"]
[Result "1-0"]
[WhiteElo "2383"]
[BlackElo "2489"]

1. d4 Nf6 2. c4 c5 3. d5 e6 4. Nc3 exd5 5. cxd5 d6 6. e4 g6 7. Nf3 Bg7 8. Nd2
O-O 9. Be2 Re8 10. O-O Nbd7 11. a4 b6 12. f3 Nh5 13. Nc4 Ne5 14. Ne3 Qh4 15. Nb5
Rd8 16. g3 Qh3 17. f4 Nxg3 18. hxg3 Qxg3+ 19. Ng2 Ng4 20. Bxg4 Bxg4 21. Qc2 a6
22. Ra3 Bf3 23. Rfxf3 Qg4 24. Nc7 Bd4+ 25. Kf1 Ra7 26. Ne6 fxe6 27. Rg3 Qh5 28.
Rh3 Qg4 29. Rh4 1-0

[Event "AUTO-ELITE-2012"]
[Site "http://www.queenalice.com/game.php?id=1536581"]
[Date "2018.7.28"]
[Round "1"]
[White "pickles"]
[Black "geechan"]
[Result "0-1"]
[WhiteElo "2574"]
[BlackElo "2435"]

1. e4 e6 2. d4 d5 3. Nc3 Nf6 4. e5 Nfd7 5. f4 c5 6. Nf3 Nc6 7. Be3 Be7 8. Qd2 a6
9. Be2 b5 10. a3 O-O 11. O-O Bb7 12. Nd1 Na5 13. Qe1 cxd4 14. Bxd4 Nc6 15. Be3
d4 16. Bd2 Rc8 17. Nf2 g6 18. Bd3 Nc5 19. Ne4 Nxe4 20. Qxe4 Qd7 21. Qe1 Bd8 22.
Ng5 Ne7 23. Bb4 f5 24. exf6 Rxf6 25. Qe5 Nf5 26. Rf2 Ne3 27. Re2 Bd5 28. Ne4 Rf7
29. Rxe3 dxe3 30. Nd6 Bf6 31. Qxe3 Bxb2 32. Rb1 Bf6 33. Rd1 Rd8 34. Nxf7 Qxf7
35. Be4 Bxe4 36. Rxd8+ Bxd8 37. Qxe4 Qd7 38. Kf2 Kf7 39. Qe5 Qc7 40. Ke3 Qxe5+
41. fxe5 Bb6+ 42. Kd3 Ke8 43. c4 Kd7 44. cxb5 axb5 45. Ke4 Bg1 46. h3 Kc6 47.
Kf4 Kd5 48. Kg5 Kxe5 49. Kh6 Kf6 50. Kxh7 e5 51. g4 Bd4 52. Be1 Bb2 53. h4 e4
54. Bf2 Bxa3 55. Bd4+ Ke6 56. Kxg6 Kd5 0-1

[Event "AUTO-ELITE-2012"]
[Site "http://www.queenalice.com/game.php?id=1536582"]
[Date "2018.7.28"]
[Round "1"]
[White "geechan"]
[Black "pickles"]
[Result "1/2-1/2"]
[WhiteElo "2452"]
[BlackElo "2556"]

1. d4 Nf6 2. c4 e6 3. Nf3 b6 4. g3 Bb7 5. Bg2 Be7 6. O-O O-O 7. Nc3 Ne4 8. Qc2
Nxc3 9. Qxc3 f5 10. b3 Bf6 11. Qd2 a5 12. e3 d6 13. Bb2 Qc8 14. Rad1 Nd7 15. Ba1
Rd8 16. Qc2 Be4 17. Qe2 Qb7 18. Nh4 Bxg2 19. Nxg2 e5 20. h4 Re8 21. dxe5 Bxe5
22. Nf4 Bxf4 23. gxf4 Qe4 24. Rfe1 Qe6 25. Kg2 Nf6 26. Rg1 a4 27. b4 Re7 28. Qd3
Rf8 29. a3 Qe4+ 30. Qxe4 Rxe4 31. Rc1 Kf7 32. Rgd1 Rc8 33. Kf3 g6 34. Ke2 Ree8
35. Bxf6 Kxf6 36. b5 Re4 37. Rd5 Re7 38. Kd3 Rg8 39. Kc3 Re4 40. Kb4 Ra8 41.
Rcd1 Rg8 42. Kc3 h6 43. Rh1 Rge8 44. Rd4 R4e6 45. Kb4 Ra8 46. Rdd1 Re4 47. Kc3
Re7 48. Kd4 Re4+ 49. Kd5 Rc8 50. Rh3 Rd8 51. Rhh1 Rh8 52. Rh3 Rc8 53. Rg1 Rg8
54. Rhh1 Re7 55. Kc6 Rb8 56. Kd5 Rh8 57. Kd4 Re4+ 58. Kd5 Rhe8 59. Rb1 h5 60.
Rb4 1/2-1/2

[Event "AUTO-ELITE-2012"]
[Site "http://www.queenalice.com/game.php?id=1536587"]
[Date "2018.7.28"]
[Round "1"]
[White "Kuarwaki"]
[Black "geechan"]
[Result "1/2-1/2"]
[WhiteElo "2751"]
[BlackElo "2429"]

1. d4 d5 2. c4 e6 3. Nc3 Nf6 4. Nf3 c6 5. Bg5 h6 6. Bxf6 Qxf6 7. e3 Bd6 8. Bd3
O-O 9. O-O dxc4 10. Bxc4 Nd7 11. Qc2 Qe7 12. h3 Rb8 13. Ne4 b6 14. Nxd6 Qxd6 15.
Rfd1 Bb7 16. Rac1 Rfc8 17. Qe2 Ba8 18. Ba6 Rd8 19. Bd3 Qe7 20. Qc2 Rbc8 21. Bh7+
Kh8 22. Be4 Nf6 23. Ne5 Nxe4 24. Qxe4 c5 25. Qg4 Kg8 26. dxc5 Rxc5 27. Rxc5
Rxd1+ 28. Qxd1 bxc5 29. Qd7 Qxd7 30. Nxd7 c4 31. f3 Bd5 32. a3 f6 33. e4 Bc6 34.
Nc5 Kf7 35. Kf2 Ke7 36. Ke3 e5 37. Na6 Kd6 38. Nb4 Bd7 39. Ke2 c3 40. bxc3 Kc5
41. Kd2 Kc4 42. Kc2 Ba4+ 43. Kb2 Bd7 44. h4 h5 45. Kc2 Ba4+ 46. Kb2 Bb5 47. Kc2
Ba4+ 48. Kb2 a5 49. Nd5 Kd3 50. c4 Kd4 51. Kc1 Kxc4 52. Nb6+ Kb3 53. Nxa4 Kxa4
54. Kb2 g5 55. g3 Kb5 56. Kb3 a4+ 57. Kc3 Kc5 58. Kd3 Kb5 59. Kc3 Kc5 60. Kd3
gxh4 1/2-1/2

[Event "AUTO-ELITE-2012"]
[Site "http://www.queenalice.com/game.php?id=1536588"]
[Date "2018.7.28"]
[Round "1"]
[White "geechan"]
[Black "Kuarwaki"]
[Result "1/2-1/2"]
[WhiteElo "2446"]
[BlackElo "2747"]

1. d4 Nf6 2. c4 e6 3. Nf3 b6 4. g3 Bb7 5. Bg2 Be7 6. O-O O-O 7. Nc3 Ne4 8. Qc2
Nxc3 9. Qxc3 c5 10. Rd1 d6 11. b3 Bf6 12. Qc2 Qc7 13. Bb2 Nd7 14. e4 Rfe8 15.
Rd2 Rad8 16. Rad1 h6 17. h4 cxd4 18. Nxd4 a6 19. Ne2 Bxb2 20. Qxb2 Nc5 21. Nc3
e5 22. Kh2 Ne6 23. Qa3 Nd4 24. Ne2 Nxe2 25. Rxe2 g5 26. h5 Kg7 27. Red2 Re6 28.
f3 Rf6 29. Rc1 Kh7 30. b4 Rg8 31. Qd3 Bc8 32. a3 Qa7 33. Kh1 Qe7 34. g4 Bd7 35.
Bf1 Rc8 36. Kg2 Rc6 37. Be2 Bc8 38. Rb1 Qc7 39. Rbb2 a5 40. Rbc2 Kg8 41. Rd1 Kg7
42. Rc3 Qb7 43. Qe3 Qc7 44. Qd3 Qb7 45. Rb1 Qa7 46. Qd5 Bd7 47. Rb2 axb4 48.
axb4 Rc8 49. Qd3 Be6 50. Qe3 Rc6 51. Rd2 Qc7 52. Rdc2 Qb8 53. Qd2 Rc8 54. Qd1
Qa8 55. Qc1 Qb7 56. Qd1 Qa7 57. b5 Rd8 58. Rd2 Bc8 59. Qc1 Qe7 60. Qb2 Qc7 61.
Qb4 Bb7 62. Rcd3 Ra8 63. Kf2 Qe7 64. Kg1 Ra1+ 65. Kg2 1/2-1/2

[Event "AUTO-ELITE-2011"]
[Site "http://www.queenalice.com/game.php?id=1555801"]
[Date "2019.1.8"]
[Round "2"]
[White "Kuarwaki"]
[Black "geechan"]
[Result "1/2-1/2"]
[WhiteElo "2738"]
[BlackElo "2454"]

1. e4 c5 2. Nf3 d6 3. d4 cxd4 4. Nxd4 Nf6 5. Nc3 a6 6. Be2 e5 7. Nb3 Be7 8. O-O
O-O 9. Be3 Be6 10. Qd3 Nbd7 11. Nd5 Bxd5 12. exd5 Ne8 13. a4 Rc8 14. c4 f5 15.
a5 g6 16. Bh6 Rf7 17. Qd2 Nef6 18. Qd1 Ne8 19. Rc1 Bg5 20. Bxg5 Qxg5 21. Qd2 Qd8
22. Rfd1 Nef6 23. Na1 f4 24. b4 Ne4 25. Qe1 Ng5 26. Bf1 e4 27. Nb3 Ne5 28. Nd4
Qd7 29. Kh1 f3 30. Ne6 fxg2+ 31. Bxg2 Qe7 32. Qe3 Rf5 33. Rc2 Nxc4 34. Qc1 Nxe6
35. Bh3 Qf6 36. dxe6 d5 37. Bxf5 Qxf5 38. Rd4 Rc7 39. Kg1 Qg4+ 40. Kh1 Qf3+
1/2-1/2

[Event "AUTO-ELITE-2011"]
[Site "http://www.queenalice.com/game.php?id=1555802"]
[Date "2019.1.8"]
[Round "2"]
[White "geechan"]
[Black "Kuarwaki"]
[Result "1-0"]
[WhiteElo "2468"]
[BlackElo "2743"]

1. d4 d5 2. c4 e6 3. cxd5 exd5 4. Nc3 Nf6 5. Bg5 c6 6. e3 h6 7. Bh4 Be7 8. Qc2
O-O 9. Bd3 Re8 10. Nge2 b6 11. O-O Na6 12. a3 Nc7 13. Rab1 Bd6 14. h3 Qe7 15.
Rbd1 c5 16. Qc1 Bb7 17. Ng3 Bxg3 18. Bxg3 Rad8 19. Bh4 Ne6 20. Rfe1 Bc6 21. Bb1
Ng5 22. Qc2 a5 23. f3 Rd7 24. Bf2 Rdd8 25. Bg3 Ne6 26. Bh4 Rd7 27. Ne2 Ng5 28.
dxc5 bxc5 29. Rc1 Rb7 30. Qxc5 Bd7 31. Qxe7 Rxe7 32. f4 Ngh7 33. Nd4 g5 34. fxg5
hxg5 35. Bg3 Rxb2 36. Bd6 Re8 37. Rc7 Nf8 38. Ra7 g4 39. h4 Rb6 40. Bc7 Rb2 41.
Rxa5 Ng6 42. Bxg6 fxg6 43. Ra6 Rb7 44. Bf4 Kg7 45. a4 Nh5 46. Bd6 g3 47. Nf3 Kh6
48. a5 d4 49. Nxd4 Rxe3 50. Rf1 Re8 51. Rb6 Bc8 52. Bb4 Ng7 53. Rf3 Rd8 54. Bc5
Rxb6 55. axb6 Nf5 56. Nxf5+ Bxf5 57. Rxg3 1-0

[Event "AUTO-ELITE-2012"]
[Site "http://www.queenalice.com/game.php?id=1575273"]
[Date "2019.6.23"]
[Round "2"]
[White "geechan"]
[Black "trompmaster"]
[Result "1-0"]
[WhiteElo "2460"]
[BlackElo "2438"]

1. d4 Nf6 2. c4 g6 3. Nc3 Bg7 4. e4 d6 5. Nf3 O-O 6. Be2 e5 7. O-O exd4 8. Nxd4
Re8 9. f3 c6 10. Kh1 Nbd7 11. Bg5 Qb6 12. Nb3 Qc7 13. Qd2 a5 14. Rad1 a4 15. Na1
Bf8 16. Nc2 Be7 17. Bh6 Nb6 18. Ne3 Ra5 19. Nb5 Rxb5 20. cxb5 Be6 21. Rc1 c5 22.
b4 Rc8 23. bxc5 dxc5 24. Qb2 Ra8 25. f4 a3 26. Qa1 Ne8 27. f5 gxf5 28. exf5 Bd7
29. Ng4 Ra4 30. Bf4 1-0

[Event "AUTO-ELITE-2012"]
[Site "http://www.queenalice.com/game.php?id=1575274"]
[Date "2019.6.23"]
[Round "2"]
[White "trompmaster"]
[Black "geechan"]
[Result "0-1"]
[WhiteElo "2426"]
[BlackElo "2482"]

1. Nf3 d5 2. e3 e6 3. c4 Nf6 4. b3 b6 5. Bb2 Bb7 6. d4 Nbd7 7. Bd3 Bd6 8. Nc3
O-O 9. O-O Re8 10. Nb5 Bf8 11. Rc1 dxc4 12. Rxc4 c6 13. Na3 b5 14. Rc1 Qa5 15.
Nb1 Qxa2 16. Qc2 Rac8 17. Ne5 Red8 18. Nc3 Qa5 19. Ra1 Qb6 20. Rfd1 a6 21. Ne4
Nxe4 22. Bxe4 f5 23. Nxd7 Rxd7 24. Bf3 c5 25. d5 Bxd5 26. Bxd5 Rxd5 27. Rxd5
exd5 28. Qxf5 Qc6 29. Rd1 c4 30. Rxd5 g6 31. Qe5 c3 32. Bc1 a5 33. f3 b4 34.
Rxa5 Rd8 35. Kf2 Rd1 36. Ra1 c2 37. Ke2 h5 38. Bb2 Rxa1 0-1

[Event "AUTO-ELITE-2189"]
[Site "http://www.queenalice.com/game.php?id=1595554"]
[Date "2020.1.7"]
[Round "1"]
[White "geechan"]
[Black "jacconsultoria"]
[Result "1-0"]
[WhiteElo "2491"]
[BlackElo "2711"]

1. d4 Nf6 2. c4 c5 3. d5 e5 4. Nc3 d6 5. e4 Be7 6. h3 O-O 7. Nge2 Nbd7 8. Ng3
Re8 9. Nf5 Nf8 10. Be2 Bxf5 11. exf5 h6 12. h4 a6 13. a4 Rb8 14. Ra3 N6d7 15.
Qd3 Nh7 16. Qh3 e4 17. g4 Ndf8 18. Nd1 Bf6 19. g5 Be5 20. gxh6 g6 21. Rg3 Bxg3
22. Qxg3 Qf6 23. fxg6 Qxg6 24. Qh2 Qf6 25. Rg1+ 1-0

[Event "AUTO-ELITE-2189"]
[Site "http://www.queenalice.com/game.php?id=1595555"]
[Date "2020.1.7"]
[Round "1"]
[White "jacconsultoria"]
[Black "geechan"]
[Result "0-1"]
[WhiteElo "2704"]
[BlackElo "2503"]

1. c4 e5 2. Nc3 Nf6 3. g3 Bb4 4. Bg2 O-O 5. Nf3 Re8 6. O-O e4 7. Nd4 Nc6 8. Nc2
Bxc3 9. dxc3 h6 10. Ne3 d6 11. Qc2 b6 12. b3 a5 13. Rd1 Bd7 14. a4 Qe7 15. Nd5
Nxd5 16. cxd5 Nd8 17. b4 Bf5 18. Qb3 Qd7 19. Bd2 Nb7 20. Rdc1 Re7 21. Be3 f6 22.
b5 Nd8 23. c4 Nf7 24. Ra3 Bh3 25. Qd1 Ng5 26. Qf1 Qg4 27. Bd4 Bxg2 28. Kxg2 f5
29. h4 Nh7 30. e3 Qf3+ 31. Kh2 Kf7 32. Ra2 g5 33. Qh3 gxh4 34. Qxh4 Ng5 35. Rh1
Kg6 36. Kg1 h5 37. Kf1 Qd1+ 38. Kg2 Qg4 39. Qxg4 fxg4 40. Bc3 Rf8 41. Rb2 Nf3
42. Kf1 Rh7 43. Rc2 Rff7 44. Kg2 h4 45. Rcc1 Kg5 46. Ra1 Rh6 47. Rab1 Rfh7 48.
gxh4+ Nxh4+ 49. Kg3 Nf3 50. Rxh6 Rxh6 51. Rd1 Rh3+ 52. Kg2 Rh2+ 53. Kf1 g3 54.
fxg3 Kg4 55. Be1 Nxe1 56. Rxe1 Rh1+ 57. Kf2 Rxe1 58. Kxe1 Kxg3 59. Ke2 Kg2 60.
Ke1 Kf3 61. Kd2 Kf2 0-1

[Event "AUTO-ELITE-2189"]
[Site "http://www.queenalice.com/game.php?id=1595556"]
[Date "2020.1.7"]
[Round "1"]
[White "geechan"]
[Black "capaputi"]
[Result "1-0"]
[WhiteElo "2489"]
[BlackElo "2151"]

1. d4 Nf6 2. c4 e5 3. dxe5 Ng4 4. Nf3 Bc5 5. e3 Nc6 6. a3 a5 7. Nc3 Ngxe5 8.
Nxe5 Nxe5 9. f4 Ng6 10. Bd3 Qh4+ 11. g3 Qe7 12. h4 c6 13. h5 Nf8 14. Bd2 Bxe3
15. Kf1 d6 16. Bxe3 Qxe3 17. Kg2 Qd4 18. Qe2+ Kd8 19. Rad1 Nd7 20. Rhe1 Kc7 21.
Bc2 Qf6 22. Ne4 Qxb2 23. Nxd6 Nf6 24. Rb1 Qxa3 25. Qe7+ Nd7 26. Nb5+ 1-0

[Event "AUTO-ELITE-2189"]
[Site "http://www.queenalice.com/game.php?id=1595557"]
[Date "2020.1.7"]
[Round "1"]
[White "capaputi"]
[Black "geechan"]
[Result "0-1"]
[WhiteElo "2149"]
[BlackElo "2490"]

1. Nf3 d5 2. d4 Nf6 3. c4 e6 4. Nc3 c6 5. e3 Nbd7 6. Bd3 dxc4 7. Bxc4 b5 8. Bd3
a6 9. O-O c5 10. e4 cxd4 11. Nxd4 Bb7 12. Bg5 Be7 13. Be3 b4 14. Na4 Nxe4 15. f3
Nef6 16. Rc1 Nd5 17. Bf2 Bg5 18. Rc2 Ne3 19. Qe2 Nxf1 20. Qxf1 O-O 21. Nc5 Nxc5
22. Rxc5 Rc8 23. Nb3 Be7 24. Rh5 h6 25. Re5 Qc7 0-1